Elder criminal victimization: Its relative rate compared to non-elders, 1992-2005
| Autores principales: | ; |
|---|---|
| Tipo de documento: | Electrónico Artículo |
| Lenguaje: | Inglés |
| Publicado: |
2009
|
| En: |
Social science journal
Año: 2009, Volumen: 46, Número: 3, Páginas: 442-458 |
| Acceso en línea: |
Presumably Free Access Volltext (lizenzpflichtig) |
| Verificar disponibilidad: | HBZ Gateway |
MARC
| LEADER | 00000caa a22000002c 4500 | ||
|---|---|---|---|
| 001 | 1912533863 | ||
| 003 | DE-627 | ||
| 005 | 20250123055004.0 | ||
| 007 | cr uuu---uuuuu | ||
| 008 | 241217s2009 xx |||||o 00| ||eng c | ||
| 024 | 7 | |a 10.1016/j.soscij.2009.03.003 |2 doi | |
| 035 | |a (DE-627)1912533863 | ||
| 035 | |a (DE-599)KXP1912533863 | ||
| 040 | |a DE-627 |b ger |c DE-627 |e rda | ||
| 041 | |a eng | ||
| 084 | |a 2,1 |2 ssgn | ||
| 100 | 1 | |a Lanier, Drew Noble |d 1962- |e VerfasserIn |0 (DE-588)1056164425 |0 (DE-627)793998301 |0 (DE-576)412728095 |4 aut | |
| 109 | |a Lanier, Drew Noble 1962- |a Noble Lanier, Drew 1962- | ||
| 245 | 1 | 0 | |a Elder criminal victimization: Its relative rate compared to non-elders, 1992-2005 |
| 264 | 1 | |c 2009 | |
| 336 | |a Text |b txt |2 rdacontent | ||
| 337 | |a Computermedien |b c |2 rdamedia | ||
| 338 | |a Online-Ressource |b cr |2 rdacarrier | ||
| 700 | 1 | |a Dietz, Tracy L. |e VerfasserIn |0 (DE-588)171326857 |0 (DE-627)061516252 |0 (DE-576)132129086 |4 aut | |
| 773 | 0 | 8 | |i Enthalten in |t Social science journal |d Amsterdam [u.a.] : Elsevier Science, 1986 |g 46(2009), 3, Seite 442-458 |h Online-Ressource |w (DE-627)32063373X |w (DE-600)2024246-3 |w (DE-576)253032636 |x 0362-3319 |7 nnas |
| 773 | 1 | 8 | |g volume:46 |g year:2009 |g number:3 |g pages:442-458 |
| 787 | 0 | 8 | |i Forschungsdaten |a USA. Bureau of Justice Statistics |t National Crime Victimization Survey, 2005 (Record-Type Files) |d [Erscheinungsort nicht ermittelbar] : [Verlag nicht ermittelbar], 2008 |w (DE-627)1840055413 |
| 787 | 0 | 8 | |i Forschungsdaten |a USA. Bureau of Justice Statistics |t National Crime Victimization Survey, 2004 (Record-Type Files) |d [Erscheinungsort nicht ermittelbar] : [Verlag nicht ermittelbar], 2008 |w (DE-627)1840055405 |
| 787 | 0 | 8 | |i Forschungsdaten |a USA. Bureau of Justice Statistics |t National Crime Victimization Survey, 2003 (Record-Type Files) |d [Erscheinungsort nicht ermittelbar] : [Verlag nicht ermittelbar], 2008 |w (DE-627)1840055448 |
| 787 | 0 | 8 | |i Forschungsdaten |a USA. Bureau of Justice Statistics |t National Crime Victimization Survey, 2002 (Record-Type Files) |d [Erscheinungsort nicht ermittelbar] : [Verlag nicht ermittelbar], 2008 |w (DE-627)184005543X |
| 787 | 0 | 8 | |i Forschungsdaten |a USA. Bureau of Justice Statistics |t National Crime Victimization Survey, 2001 (Record-Type Files) |d [Erscheinungsort nicht ermittelbar] : [Verlag nicht ermittelbar], 2008 |w (DE-627)1840055421 |
| 787 | 0 | 8 | |i Forschungsdaten |a USA. Bureau of Justice Statistics |t National Crime Victimization Survey, 2000 (Record-Type Files) |d [Erscheinungsort nicht ermittelbar] : [Verlag nicht ermittelbar], 2008 |w (DE-627)1840056193 |
| 787 | 0 | 8 | |i Forschungsdaten |a USA. Bureau of Justice Statistics |t National Crime Victimization Survey, 1999 (Record-Type Files) |d [Erscheinungsort nicht ermittelbar] : [Verlag nicht ermittelbar], 2008 |w (DE-627)1840056215 |
| 787 | 0 | 8 | |i Forschungsdaten |a USA. Bureau of Justice Statistics |t National Crime Victimization Survey, 1998 (Record-Type Files) |d [Erscheinungsort nicht ermittelbar] : [Verlag nicht ermittelbar], 2008 |w (DE-627)1840056207 |
| 787 | 0 | 8 | |i Forschungsdaten |a USA. Bureau of Justice Statistics |t National Crime Victimization Survey, 1997 (Record-Type Files) |d [Erscheinungsort nicht ermittelbar] : [Verlag nicht ermittelbar], 2008 |w (DE-627)1840056177 |
| 787 | 0 | 8 | |i Forschungsdaten |a USA. Bureau of Justice Statistics |t National Crime Victimization Survey, 1995 (Record-Type Files) |d [Erscheinungsort nicht ermittelbar] : [Verlag nicht ermittelbar], 2008 |w (DE-627)1840056150 |
| 787 | 0 | 8 | |i Forschungsdaten |a USA. Bureau of Justice Statistics |t National Crime Victimization Survey, 1994 (Record-Type Files) |d [Erscheinungsort nicht ermittelbar] : [Verlag nicht ermittelbar], 2008 |w (DE-627)1840056142 |
| 787 | 0 | 8 | |i Forschungsdaten |a USA. Bureau of Justice Statistics |t National Crime Victimization Survey, 1993 (Record-Type Files) |d [Erscheinungsort nicht ermittelbar] : [Verlag nicht ermittelbar], 2008 |w (DE-627)1840056134 |
| 787 | 0 | 8 | |i Forschungsdaten |a USA. Bureau of Justice Statistics |t National Crime Victimization Survey, 1992 (Record-Type Files) |d [Erscheinungsort nicht ermittelbar] : [Verlag nicht ermittelbar], 2008 |w (DE-627)1840056126 |
| 787 | 0 | 8 | |i Forschungsdaten |a USA. Bureau of Justice Statistics |t National Crime Victimization Survey, 1992-2005: Concatenated Incident-Level Files |d [Erscheinungsort nicht ermittelbar] : [Verlag nicht ermittelbar], 2007 |w (DE-627)1840055367 |
| 856 | |u https://stars.library.ucf.edu/facultybib2000/1770 |x unpaywall |z Vermutlich kostenfreier Zugang |h repository [deprecated] | ||
| 856 | 4 | 0 | |u https://doi.org/10.1016/j.soscij.2009.03.003 |x Resolving-System |z lizenzpflichtig |3 Volltext |7 1 |
| 935 | |a mkri | ||
| 951 | |a AR | ||
| ELC | |a 1 | ||
| LOK | |0 000 xxxxxcx a22 zn 4500 | ||
| LOK | |0 001 4637499364 | ||
| LOK | |0 003 DE-627 | ||
| LOK | |0 004 1912533863 | ||
| LOK | |0 005 20241217044409 | ||
| LOK | |0 008 241217||||||||||||||||ger||||||| | ||
| LOK | |0 035 |a (DE-2619)ICPSR76536 | ||
| LOK | |0 040 |a DE-2619 |c DE-627 |d DE-2619 | ||
| LOK | |0 092 |o n | ||
| LOK | |0 852 |a DE-2619 | ||
| LOK | |0 852 1 |9 00 | ||
| LOK | |0 935 |a nacp | ||
| LOK | |0 939 |a 17-12-24 |b l01 | ||
| OAS | |a 1 | ||
| ORI | |a SA-MARC-krimdoka001.raw | ||
